|
|
|
|
| LEADER |
00000nam a22000007a 4500 |
| 005 |
20110905102322.0 |
| 008 |
110905t2010 bl ||||s|||| 00| 0 por d |
| 020 |
|
|
|a 978-85-99315-35-4
|
| 035 |
|
|
|a 5583
|
| 040 |
|
|
|a vLex
|
| 090 |
|
|
|c 2363
|d 2363
|
| 100 |
1 |
|
|a Pereira Junior, Jess ̌Torres
|
| 245 |
1 |
0 |
|a Limitaė̳s constitucionais da atividade contratual da Administraȯ̂ Pb︢lica
|h [Recurso electrn̤ico] /
|c Jess ̌Torres Pereira Junior; Marins̊ Restelatto Dotti
|
| 256 |
|
|
|a Servicio en ln̕ea.
|
| 260 |
|
|
|a [Brasil] :
|b Novatez,
|c 2010.
|
| 300 |
|
|
|a 1 recurso electrn̤ico
|
| 500 |
|
|
|a Examinamse, neste livro, as atuais prt̀icas da gestô jurd̕ico-administrativa no que respeita a cinco temas integrantes do cotidiano da Administraȯ̂ Pb︢lica: alteraė̳s nos contratos administrativos, restriė̳s ̉participaȯ̂ em licitaė̳s, registro cadastral, “quarteirizaȯ̂” de serviȯs, e registro de preȯs.
|
| 506 |
1 |
|
|a Contenido solo disponible en los productos indicados
|d vLex Global
|d vLex Global (Academic Edition, excluding Law Schools)
|d vLex Global (U.S. Academic Edition, Law Schools)
|d vLex Global (U.S. Academic Edition, excluding Law Schools)
|d vLex Global (Academic Edition, Law Schools)
|
| 650 |
0 |
4 |
|a Admibistracin̤ pb︢lica
|z Brasil
|
| 700 |
1 |
|
|a Restelatto Dotti, Marins̊
|
| 740 |
0 |
|
|a vLex Libros (Servicio en ln̕ea)
|
| 856 |
4 |
0 |
|u http://vlex.com/source/limitacoes-constitucionais-atividade-contratual-administracao-publica-5583
|z Acceso restringido
|
| 942 |
|
|
|c BOOK
|